A bibliography on animal rights and related matters /

Bibliographic Details
Main Author: Magel, Charles R.
Format: Book
Language:English
Published: Washington, D.C. : University Press of America, [1981]
Subjects:

MARC

Tag First Indicator Second Indicator Subfields
LEADER 00000cam a2200000 a 4500
001 in00000078177
005 20151008060649.0
008 811217s1981 dcu b 00110 eng
010 |a  80005636  
020 |a 081911488X 
035 |a (OCoLC)07808377 
035 |9 AAJ6283AM 
039 0 |a 2  |b 3  |c 3  |d 3  |e 3 
040 |a DLC  |c DLC  |d TXA  |d UtOrBLW 
049 |a TXAM  |c 1 [1196205], 2 [1502600] 
050 0 0 |a Z7164.C45  |b M35  |a HV4708 
082 0 |a 016.179/3  |2 19 
100 1 |a Magel, Charles R. 
245 1 2 |a A bibliography on animal rights and related matters /  |c Charles R. Magel. 
264 1 |a Washington, D.C. :  |b University Press of America,  |c [1981] 
264 4 |c ©1981 
300 |a xx, 602 pages ;  |c 22 cm. 
336 |a text  |b txt  |2 rdacontent 
337 |a unmediated  |b n  |2 rdamedia 
338 |a volume  |b nc  |2 rdacarrier 
500 |a Includes index. 
650 0 |a Animal welfare  |x Bibliography. 
650 0 |a Animals  |x Bibliography. 
999 |a MARS 
999 f f |s e97edf70-be80-3f02-9d13-922fbe83929e  |i c1bb5f8c-851c-3062-98d7-b152746999d7  |t 0 
952 f f |p ric  |a Texas A&M University  |b Rellis Campus  |c Joint Library Facility  |d Remote Storage  |t 0  |e Z7164.C45 M35  |h Library of Congress classification  |i unmediated -- volume  |m A14842632813 
998 f f |a Z7164.C45 M35  |t 0  |l Remote Storage